[Event "Prague Summer op-A 10th"]
[Site "Prague"]
[Date "2023.08.08"]
[Round "6"]
[White "Jordanov, Mihail"]
[Black "Jurcik, Marian"]
[Result "0-1"]
[WhiteElo "2152"]
[BlackElo "2411"]
[PlyCount "68"]
[EventDate "2023.08.04"]
[EventType "swiss"]
[EventRounds "9"]
[EventCountry "CZE"]
[SourceTitle "CBM 215 Extra"]
[Source "ChessBase"]
[SourceDate "2023.09.30"]
[SourceVersion "1"]
[SourceVersionDate "2023.09.30"]
[SourceQuality "1"]

1. e4 d5 2. exd5 Nf6 3. d4 Nxd5 4. Nf3 Bg4 5. Be2 e6 6. Ne5 Bxe2 7. Qxe2 Nd7 8. 0-0 Nxe5 9. dxe5 c6 10. c4 Ne7 11. b3 Nf5 12. Bb2 Qc7 13. Rd1 Bc5 14. Nc3 Bd4 15. g4 Bxc3 16. Bxc3 Ne7 17. Rd3 0-0 18. Qe4 Rfd8 19. Rh3 h6 20. f4 Rd7 21. f5 Rad8 22. f6 Qb6+ 23. Kf1 Ng6 24. fxg7 Rd1+ 25. Rxd1 Rxd1+ 26. Ke2 Qg1 27. Qf3 Rc1 28. Kd3 Rf1 29. Qe3 Nf4+ 30. Kc2 Qg2+ 31. Bd2 Qxh3 32. Qd4 Qxg4 33. Qd8+ Kxg7 34. Qf6+ Kg8 0-1

[Event "Klatovy op-A 29th"]
[Site "Klatovy"]
[Date "2023.07.06"]
[Round "6"]
[White "Jordanov, Mihail"]
[Black "Polak, Michal1111"]
[Result "1/2-1/2"]
[WhiteElo "2140"]
[BlackElo "1959"]
[PlyCount "84"]
[EventDate "2023.07.01"]
[EventType "swiss"]
[EventRounds "9"]
[EventCountry "CZE"]
[SourceTitle "CBM 215 Extra"]
[Source "ChessBase"]
[SourceDate "2023.09.30"]
[SourceVersion "1"]
[SourceVersionDate "2023.09.30"]
[SourceQuality "1"]

1. e4 e5 2. Nf3 Nc6 3. Bb5 Nf6 4. Qe2 Be7 5. 0-0 d6 6. c3 Bd7 7. Rd1 0-0 8. d4 Qc8 9. Bg5 Re8 10. dxe5 Nxe5 11. Nxe5 Bxb5 12. Qxb5 dxe5 13. Bxf6 Bxf6 14. Nd2 c6 15. Qb3 Be7 16. Nc4 Qc7 17. Rd3 Rad8 18. Rad1 g6 19. g3 Rxd3 20. Rxd3 Rd8 21. Rxd8+ Bxd8 22. Qd1 Be7 23. Kg2 Kg7 24. Qd3 Bc5 25. b4 Be7 26. a4 h5 27. h4 Kg8 28. Ne3 a5 29. bxa5 Qxa5 30. Qd7 Bf8 31. Qxb7 Qxa4 32. c4 Bc5 33. Qb8+ Kh7 34. Qe8 Qa7 35. Nd1 Qc7 36. Nc3 Kg7 37. Ne2 Qd6 38. Ng1 Qd4 39. Nh3 Qxe4+ 40. Kg1 Qe1+ 41. Kg2 Qe4+ 42. Kg1 Qe1+ 1/2-1/2

[Event "Klatovy op-A 29th"]
[Site "Klatovy"]
[Date "2023.07.01"]
[Round "1"]
[White "Ruessel, Bernhard"]
[Black "Jordanov, Mihail"]
[Result "0-1"]
[WhiteElo "1852"]
[BlackElo "2140"]
[PlyCount "50"]
[EventDate "2023.07.01"]
[EventType "swiss"]
[EventRounds "9"]
[EventCountry "CZE"]
[SourceTitle "CBM 215 Extra"]
[Source "ChessBase"]
[SourceDate "2023.09.30"]
[SourceVersion "1"]
[SourceVersionDate "2023.09.30"]
[SourceQuality "1"]

1. d4 d5 2. Nf3 Nf6 3. c4 c6 4. g3 Bf5 5. Nbd2 e6 6. Bg2 h6 7. 0-0 Be7 8. b3 0-0 9. Ne5 Nbd7 10. Ndf3 Ne4 11. Bf4 Nxe5 12. Bxe5 g5 13. h3 h5 14. g4 hxg4 15. hxg4 Bxg4 16. Ne1 Nc3 17. Qd2 Nxe2+ 18. Kh1 f6 19. Bh2 Kf7 20. f3 Rh8 21. Qxe2 Qc7 22. Kg1 Qxh2+ 23. Kf2 Bd6 24. Ke3 Bf5 25. Qf2 e5 0-1

[Event "EU-chT U18"]
[Site "Thessaloniki"]
[Date "2022.07.17"]
[Round "6.8"]
[White "Hulka, Valentyn"]
[Black "Jordanov, Mihail"]
[Result "1/2-1/2"]
[WhiteElo "2123"]
[BlackElo "2158"]
[PlyCount "82"]
[EventDate "2022.07.12"]
[EventType "team-swiss"]
[EventRounds "7"]
[EventCountry "GRE"]
[SourceTitle "CBM 209 Extra"]
[Source "ChessBase"]
[SourceDate "2022.09.30"]
[SourceVersion "1"]
[SourceVersionDate "2022.09.30"]
[SourceQuality "1"]
[WhiteTeam "Ukraine U18"]
[BlackTeam "Macedonia U18"]
[WhiteTeamCountry "UKR"]
[BlackTeamCountry "MKD"]

1. d4 d5 2. g3 c6 3. Nf3 Nf6 4. c4 Bf5 5. Nc3 e6 6. Nh4 dxc4 7. Nxf5 exf5 8. e3 Nbd7 9. Bxc4 Nb6 10. Bb3 Qd7 11. Qf3 Bd6 12. Bd2 h5 13. h4 0-0 14. 0-0 Rfe8 15. Rfe1 Bf8 16. Rad1 Nbd5 17. Nxd5 cxd5 18. Rc1 Rac8 19. Rxc8 Rxc8 20. Rc1 Rxc1+ 21. Bxc1 Qc6 22. Qd1 Ne4 23. Kg2 Bd6 24. Bd2 g6 25. Be1 Kg7 26. Qc2 Qxc2 27. Bxc2 Kf8 28. f3 Nf6 29. Kf2 Ke7 30. Ke2 Kd7 31. Ba4+ Kc7 32. Bb3 Kc6 33. Ba4+ b5 34. Bb3 a6 35. Kf2 Kb6 36. Ke2 Kc6 37. Kf2 Bc7 38. Ke2 a5 39. a4 b4 40. Bc2 Bb6 41. Bd3 Kd6 1/2-1/2

[Event "Novi Sad Serbia op-A"]
[Site "Novi Sad"]
[Date "2022.07.01"]
[Round "4"]
[White "Anand, Batsukh"]
[Black "Jordanov, Mihail"]
[Result "0-1"]
[WhiteElo "2312"]
[BlackElo "2158"]
[PlyCount "115"]
[EventDate "2022.06.28"]
[EventType "swiss"]
[EventRounds "9"]
[EventCountry "SRB"]
[SourceTitle "EXT 2023"]
[Source "ChessBase"]
[SourceDate "2022.10.05"]
[SourceVersion "1"]
[SourceVersionDate "2022.10.05"]
[SourceQuality "1"]

1. d4 d5 2. c4 c6 3. Nf3 Nf6 4. g3 Bf5 5. Nc3 e6 6. Qb3 Qb6 7. c5 Qxb3 8. axb3 Be7 9. e3 0-0 10. b4 a6 11. Nh4 Bg4 12. h3 Bh5 13. g4 Nfd7 14. Nf5 exf5 15. gxh5 Nf6 16. Bd3 Ne4 17. b5 Bh4 18. 0-0 Rd8 19. Ne2 cxb5 20. f3 Nf6 21. Bxf5 Nxh5 22. Bd2 Nc6 23. b4 Ng3 24. Nxg3 Bxg3 25. Kg2 Bh4 26. Ra3 g6 27. Bb1 Re8 28. Rd3 Rad8 29. Ba2 f5 30. Bc3 Kg7 31. Rfd1 Kf6 32. R1d2 Be1 33. Rb2 Bxc3 34. Rxc3 f4 35. e4 dxe4 36. fxe4 Rxd4 37. Bd5 Re7 38. Rcb3 Ne5 39. Rf2 Nd3 40. Rf1 Nxb4 41. Rxf4+ Kg7 42. Rf1 Nxd5 43. exd5 Rxd5 44. Rc1 Rc7 45. Rbc3 Rf5 46. Kg3 b4 47. Rc4 a5 48. Kg4 h5+ 49. Kg3 Kf6 50. h4 b3 51. R4c3 b2 52. Rb1 Rcxc5 53. Rb3 Rb5 54. R1xb2 Rxb3+ 55. Rxb3 b5 56. Rc3 Re5 57. Rc8 Ke7 58. Ra8 0-1

[Event "Novi Sad Serbia op-A"]
[Site "Novi Sad"]
[Date "2022.06.29"]
[Round "2"]
[White "Koutlas, Nikolaos"]
[Black "Jordanov, Mihail"]
[Result "1-0"]
[WhiteElo "2314"]
[BlackElo "2158"]
[PlyCount "89"]
[EventDate "2022.06.28"]
[EventType "swiss"]
[EventRounds "9"]
[EventCountry "SRB"]
[SourceTitle "EXT 2023"]
[Source "ChessBase"]
[SourceDate "2022.10.05"]
[SourceVersion "1"]
[SourceVersionDate "2022.10.05"]
[SourceQuality "1"]

1. e4 e5 2. Nf3 Nc6 3. Bb5 a6 4. Ba4 Nf6 5. 0-0 Be7 6. Re1 b5 7. Bb3 d6 8. c3 0-0 9. h3 Na5 10. Bc2 c5 11. d4 Qc7 12. d5 Bd7 13. b3 Nb7 14. c4 b4 15. a3 a5 16. Nbd2 Qc8 17. Nf1 Ne8 18. g4 h5 19. N3h2 g6 20. Ng3 Kg7 21. gxh5 Bxh3 22. Kh1 Nf6 23. Rg1 Ng4 24. Qf3 Nxh2 25. Kxh2 Bg4 26. Nf5+ Qxf5 27. Qxf5 Bxf5 28. exf5 g5 29. f4 exf4 30. Bb2+ Kh6 31. f6 Bd8 32. a4 Bc7 33. Rae1 Rae8 34. Bf5 Re5 35. Bxe5 dxe5 36. d6 Nxd6 37. Rxe5 Ne8 38. Rxc5 Bb6 39. Rc8 Bxg1+ 40. Kxg1 Rg8 41. c5 g4 42. c6 Nxf6 43. Rxg8 Nxg8 44. c7 Ne7 45. Bxg4 1-0

[Event "Novi Sad Serbia op-A"]
[Site "Novi Sad"]
[Date "2022.06.28"]
[Round "1"]
[White "Jordanov, Mihail"]
[Black "Utsab, Chatterjee"]
[Result "0-1"]
[WhiteElo "2158"]
[BlackElo "2377"]
[PlyCount "94"]
[EventDate "2022.06.28"]
[EventType "swiss"]
[EventRounds "9"]
[EventCountry "SRB"]
[SourceTitle "EXT 2023"]
[Source "ChessBase"]
[SourceDate "2022.10.05"]
[SourceVersion "1"]
[SourceVersionDate "2022.10.05"]
[SourceQuality "1"]

1. e4 c5 2. Nf3 d6 3. d4 cxd4 4. Qxd4 Nc6 5. Qe3 Nf6 6. Be2 g6 7. 0-0 Bg7 8. Rd1 0-0 9. h3 Qc7 10. c4 Be6 11. Ng5 Bd7 12. Nc3 Rfe8 13. Rb1 Rac8 14. b3 a6 15. Bb2 Qa5 16. Nf3 Be6 17. Rbc1 h6 18. Na4 Nd7 19. Bxg7 Kxg7 20. c5 Nxc5 21. Nxc5 dxc5 22. Rxc5 Qxa2 23. Qc3+ f6 24. Bc4 Bxc4 25. Rxc4 Qa5 26. Rd7 Qxc3 27. Rxc3 b5 28. Rb7 Kf7 29. e5 Na5 30. e6+ Kxe6 31. Rb6+ Kf7 32. Rxc8 Rxc8 33. b4 Nc6 34. Rxa6 Nxb4 35. Rb6 Nd3 36. Rxb5 Rc1+ 37. Kh2 Nxf2 38. Nd4 Ne4 39. Rb8 Rc4 40. Ne2 h5 41. Nf4 h4 42. Rh8 g5 43. Nd5 Ke6 44. Ne3 Rc1 45. Rd8 f5 46. Rd4 Ng3 47. Nd1 Nf1+ 0-1

[Event "FRM-ch op"]
[Site "Skopje"]
[Date "2022.05.04"]
[Round "8"]
[White "Risteski, Emil"]
[Black "Jordanov, Mihail"]
[Result "1-0"]
[WhiteElo "2374"]
[BlackElo "2219"]
[PlyCount "101"]
[EventDate "2022.04.29"]
[EventType "swiss"]
[EventRounds "9"]
[EventCountry "MKD"]
[SourceTitle "CBM 208 Extra"]
[Source "ChessBase"]
[SourceDate "2022.07.31"]
[SourceVersion "1"]
[SourceVersionDate "2022.07.31"]
[SourceQuality "1"]

1. e4 e5 2. Nf3 Nc6 3. Bc4 Nf6 4. d3 Bc5 5. c3 0-0 6. Nbd2 d5 7. exd5 Nxd5 8. Ne4 Bb6 9. a4 a6 10. 0-0 h6 11. Re1 Re8 12. b4 Nf6 13. Qb3 Be6 14. a5 Ba7 15. Nxf6+ Qxf6 16. Be3 Bxe3 17. Rxe3 Bxc4 18. Qxc4 Qe6 19. Qxe6 Rxe6 20. Rae1 Rd8 21. Kf1 Kf8 22. Nxe5 Nxe5 23. Rxe5 Rxe5 24. Rxe5 Rxd3 25. Rc5 c6 26. Ke2 Rd6 27. Re5 f6 28. Re4 Rd5 29. Ke3 Kf7 30. f4 f5 31. Rd4 Ke6 32. Kd3 Kd6 33. Kc4 Rxd4+ 34. Kxd4 Ke6 35. Kc5 Kd7 36. Kb6 Kc8 37. g3 g6 38. h3 h5 39. c4 Kb8 40. Kc5 Kc7 41. b5 cxb5 42. cxb5 axb5 43. Kxb5 Kc8 44. Kc5 Kc7 45. Kd5 Kd7 46. Ke5 Kc6 47. Kf6 Kb5 48. Kxg6 Kxa5 49. Kxf5 b5 50. Ke4 b4 51. Kd3 1-0

[Event "FRM-ch op"]
[Site "Skopje"]
[Date "2022.05.02"]
[Round "5"]
[White "Jordanov, Mihail"]
[Black "Arsov, Filip"]
[Result "1-0"]
[WhiteElo "2219"]
[BlackElo "1676"]
[PlyCount "129"]
[EventDate "2022.04.29"]
[EventType "swiss"]
[EventRounds "9"]
[EventCountry "MKD"]
[SourceTitle "CBM 208 Extra"]
[Source "ChessBase"]
[SourceDate "2022.07.31"]
[SourceVersion "1"]
[SourceVersionDate "2022.07.31"]
[SourceQuality "1"]

1. e4 c6 2. d4 d5 3. e5 Bf5 4. Be3 e6 5. Nf3 Nd7 6. Nbd2 Ne7 7. Be2 Bg6 8. 0-0 Nf5 9. Bf4 Be7 10. c3 0-0 11. a4 a5 12. h3 Rc8 13. Qb3 c5 14. g4 Nh4 15. Ne1 cxd4 16. cxd4 Qb6 17. Bb5 Rfd8 18. Bxd7 Qxb3 19. Nxb3 Rxd7 20. Nxa5 Bb4 21. Nb3 Bxe1 22. Rfxe1 Nf3+ 23. Kf1 Nxe1 24. Kxe1 b6 25. Bd2 Ra7 26. a5 bxa5 27. Nxa5 Bd3 28. Ra3 Bb5 29. Rb3 Bc4 30. Rb6 h6 31. Bc3 Kh7 32. f4 Kg6 33. Kf2 Kh7 34. Ke3 g6 35. h4 Bf1 36. Kd2 g5 37. hxg5 hxg5 38. f5 exf5 39. gxf5 Bh3 40. Nc6 Rac7 41. Nb4 Rd7 42. Rf6 g4 43. Nd3 g3 44. Nf4 Bg4 45. Ke3 Rb8 46. Ng2 Kg7 47. Kf4 Bh3 48. Kxg3 Bxg2 49. Kxg2 Rdb7 50. Rd6 Rb5 51. Kf3 R8b6 52. f6+ Kg6 53. Rxb6 Rxb6 54. Ke3 Kf5 55. Kd2 Ke6 56. Kc2 Kd7 57. Bd2 Ke6 58. b3 Kd7 59. Kb2 Kc8 60. Ka3 Kb7 61. Ka4 Ra6+ 62. Kb5 Rc6 63. Bb4 Kc7 64. Bd6+ Kd7 65. b4 1-0

[Event "Prague op-A 20th"]
[Site "Prague"]
[Date "2022.01.14"]
[Round "9"]
[White "Jordanov, Mihail"]
[Black "Lim, Zhuo Ren"]
[Result "1/2-1/2"]
[WhiteElo "2209"]
[BlackElo "2311"]
[PlyCount "71"]
[EventDate "2022.01.07"]
[EventType "swiss"]
[EventRounds "9"]
[EventCountry "CZE"]
[SourceTitle "CBM 206 Extra"]
[Source "ChessBase"]
[SourceDate "2022.03.31"]
[SourceVersion "1"]
[SourceVersionDate "2022.03.31"]
[SourceQuality "1"]

1. e4 c5 2. Nf3 d6 3. d4 cxd4 4. Qxd4 Nc6 5. Qe3 g6 6. Be2 Bg7 7. 0-0 Nf6 8. h3 0-0 9. Rd1 Be6 10. Ng5 Bd7 11. c4 a6 12. Nc3 b5 13. cxb5 Nb4 14. Rb1 axb5 15. e5 dxe5 16. Bxb5 Qc7 17. Bxd7 Nxd7 18. a3 Nc2 19. Qe4 Nd4 20. Nd5 Qd6 21. Nxe7+ Qxe7 22. Rxd4 Nc5 23. Qe3 Nb3 24. Rd5 Qb7 25. Rd3 Rfb8 26. Bd2 Nxd2 27. Qxd2 Bh6 28. h4 Ra7 29. b4 Qa8 30. Qa2 Bxg5 31. hxg5 Qe4 32. Qd2 Rxa3 33. Rd8+ Kg7 34. Rxb8 Qxb1+ 35. Kh2 Qe4 36. Rg8+ 1/2-1/2

[Event "Prague op-A 20th"]
[Site "Prague"]
[Date "2022.01.13"]
[Round "8"]
[White "Jordanov, Mihail"]
[Black "Neuman, Petr"]
[Result "1/2-1/2"]
[WhiteElo "2209"]
[BlackElo "2402"]
[PlyCount "46"]
[EventDate "2022.01.07"]
[EventType "swiss"]
[EventRounds "9"]
[EventCountry "CZE"]
[SourceTitle "CBM 206 Extra"]
[Source "ChessBase"]
[SourceDate "2022.03.31"]
[SourceVersion "1"]
[SourceVersionDate "2022.03.31"]
[SourceQuality "1"]

1. e4 c5 2. Nf3 d6 3. d4 cxd4 4. Nxd4 Nf6 5. Nc3 Nc6 6. Bg5 Bd7 7. Qd2 Rc8 8. Nxc6 bxc6 9. Bc4 h6 10. Bxf6 exf6 11. 0-0 Be7 12. Qd3 0-0 13. f4 f5 14. e5 d5 15. Bb3 Be6 16. Rad1 Qb6+ 17. Kh1 Rfd8 18. Qe2 a5 19. Na4 Qb7 20. Rfe1 c5 21. c4 d4 22. Bc2 g6 23. b3 Kg7 1/2-1/2

[Event "Prague op-A 20th"]
[Site "Prague"]
[Date "2022.01.11"]
[Round "6"]
[White "Jordanov, Mihail"]
[Black "Plischki, Sebastian"]
[Result "0-1"]
[WhiteElo "2209"]
[BlackElo "2375"]
[PlyCount "56"]
[EventDate "2022.01.07"]
[EventType "swiss"]
[EventRounds "9"]
[EventCountry "CZE"]
[SourceTitle "CBM 206 Extra"]
[Source "ChessBase"]
[SourceDate "2022.03.31"]
[SourceVersion "1"]
[SourceVersionDate "2022.03.31"]
[SourceQuality "1"]

1. e4 c5 2. Nf3 e6 3. d4 cxd4 4. Nxd4 a6 5. Bd3 Bc5 6. Nb3 Ba7 7. Qg4 Nf6 8. Qg3 d6 9. Nc3 Nc6 10. Bg5 h6 11. Bd2 Ne5 12. 0-0-0 b5 13. f4 Nxd3+ 14. cxd3 b4 15. Ne2 a5 16. Qxg7 Rg8 17. Qxh6 Rxg2 18. Qh8+ Kd7 19. Qxd8+ Kxd8 20. Rde1 Ba6 21. Nxa5 Rc8+ 22. Kd1 Bxd3 23. Bxb4 Nxe4 24. Bc3 Be3 25. Rhf1 Rxh2 26. Nb3 Rxc3 27. bxc3 Nxc3+ 28. Nxc3 Bc2# 0-1

[Event "FRM-ch op"]
[Site "Struga"]
[Date "2021.07.25"]
[Round "3"]
[White "Jordanov, Mihail"]
[Black "Risteski, Emil"]
[Result "1/2-1/2"]
[WhiteElo "2082"]
[BlackElo "2367"]
[PlyCount "32"]
[EventDate "2021.07.24"]
[EventType "swiss"]
[EventRounds "9"]
[EventCountry "MKD"]
[SourceTitle "CBM 203 Extra"]
[Source "ChessBase"]
[SourceDate "2021.09.30"]
[SourceVersion "1"]
[SourceVersionDate "2021.09.30"]
[SourceQuality "1"]

1. e4 c5 2. Nf3 Nc6 3. d4 cxd4 4. Nxd4 Nf6 5. Nc3 d6 6. Bg5 e6 7. Qd2 a6 8. 0-0-0 Bd7 9. f3 Nxd4 10. Qxd4 Be7 11. h4 Qc7 12. Kb1 Rc8 13. g4 h5 14. gxh5 Nxh5 15. Bxe7 Kxe7 16. Qd2 b5 1/2-1/2

[Event "Paracin Summer op 14th"]
[Site "Paracin"]
[Date "2021.07.10"]
[Round "3"]
[White "Jordanov, Mihail"]
[Black "Spasic, Petar"]
[Result "0-1"]
[WhiteElo "2082"]
[BlackElo "2227"]
[PlyCount "72"]
[EventDate "2021.07.09"]
[EventType "swiss"]
[EventRounds "9"]
[EventCountry "SRB"]
[SourceTitle "EXT 2022"]
[Source "ChessBase"]
[SourceDate "2021.10.06"]
[SourceVersion "1"]
[SourceVersionDate "2021.10.06"]
[SourceQuality "1"]

1. e4 c5 2. Nf3 d6 3. d4 cxd4 4. Nxd4 Nf6 5. Nc3 Nc6 6. Bg5 e6 7. Qd2 a6 8. 0-0-0 Bd7 9. f3 b5 10. Nxc6 Bxc6 11. Ne2 Qc7 12. Nd4 Bb7 13. Kb1 Be7 14. Be3 Nd7 15. g4 d5 16. Bf4 Bd6 17. Bxd6 Qxd6 18. exd5 Qxd5 19. c3 0-0 20. Bg2 Nb6 21. Rhg1 Rfd8 22. f4 Qd7 23. Bxb7 Qxb7 24. Qg2 Rd5 25. Rd3 Qd7 26. Rgd1 Rd8 27. Qc2 f6 28. Rh3 g6 29. Rc1 e5 30. fxe5 fxe5 31. Nf3 Qxg4 32. Rg3 Qd7 33. Ng5 Rd2 34. Qe4 Nc4 35. b3 Rb2+ 36. Ka1 Qd2 0-1